Рибарят и златната рибка (Запис номер 75489)
[ съкратено ]
| 000 -Лидер | |
|---|---|
| Контролно поле с фиксирана дължина | 01731nam a2200397 a 4500 |
| 003 - Код на организацията, давaща контролен номер | |
| Контролно поле | BLK |
| 005 - Дата и час на последна редакция | |
| Контролно поле | 20250719140917.0 |
| 008 - Елементи от данни с фиксирана дължина | |
| fixed length control field | 180408b bul|||||r ||||||| ||bul|| |
| 010 ## - Наследен системен номер | |
| LC control number | KNG00079906000 |
| 020 ## - Международен стандартен номер на книга ISBN | |
| Международен стандартен номер на книга ISBN | 978-954-431-328-9 |
| 040 ## - Източник на каталожния запис | |
| Идентификатор на билиотеката - собственик на записа | BLK |
| 041 ## - Код за език | |
| Код за езика на текст/звукозапис или на отделно заглавие | Български |
| Код за езика КДБФ | Български |
| 080 ## - УДК | |
| Текстов определител УДК | Руска литература |
| УДК код - определител по УДК | 821.161.1 |
| УДК определител | -93-91 |
| УДК - код + определител | 821.161.1-93-91 |
| 139 ## - Редно поле | |
| Редна дума | Рибарят и златната рибка |
| Авторски знак | Ри - Р 58 |
| 245 10 - Сведения за заглавието | |
| Заглавие | Рибарят и златната рибка |
| Редно поле (дума) | по Александър Сергеевич Пушкин; адапт. Галина Златина; худож. Галин Николаев Георгиев; худож. Светлана Ангелова Князева. |
| 257 ## - Страна на издаване | |
| Страна на създаване/издаване | Русия |
| 260 ## - Област на издателските данни | |
| Място на издаване, разпространение и проч. | София |
| Име на издателя, разпространителя и проч. | Златното пате |
| Година на издаване | 2008 |
| 300 ## - Физическа характеристика | |
| Страници | 10 с. |
| Илюстрации и др. | с цв. ил. |
| Размери/Мащаб | 22Х24 см |
| 380 ## - Жанр | |
| Жанр | Детска худож. лит. |
| 490 ## - СЕРИИ (Колекции) | |
| Име на серия | Стъпка по стъпка |
| 9 (RLIN) | 203332 |
| 500 ## - Общи забележки | |
| Забележка | Галина Златина е псевд. на Галина Йорданова Златарева. |
| 653 ## - Ключова дума – ненормативна | |
| Ключова дума | адаптирани книги |
| 653 ## - Ключова дума – ненормативна | |
| Ключова дума | литература за деца |
| 653 ## - Ключова дума – ненормативна | |
| Ключова дума | детска литература |
| 700 ## - Други автори (авторска отговорност) | |
| Лично име | Пушкин, Александър Сергеевич |
| Дати, свързани с автора | 1799-1837 |
| 9 (RLIN) | 364559 |
| 700 ## - Други автори (авторска отговорност) | |
| Лично име | Златарева, Галина Йорданова |
| Дати, свързани с автора | 1954 |
| 9 (RLIN) | 363759 |
| 700 ## - Други автори (авторска отговорност) | |
| Лично име | Георгиев, Галин Николаев |
| 9 (RLIN) | 368580 |
| 700 1# - Други автори (авторска отговорност) | |
| Лично име | Князева, Светлана Ангелова |
| Автороска отговорност (Описва отношението между автора и произведението) | худож. |
| 9 (RLIN) | 367584 |
| 852 ## - Местоположение | |
| Форматна сигнатура | Цб 237379 |
| 856 4# - Електронен адрес и достъп | |
| Електронен формат | pdf - файл |
| Инструкция (цена за достъп) | 0.00 |
| Права за достъп | disable |
| 856 4# - Електронен адрес и достъп | |
| Електронен формат | pdf - файл |
| Инструкция (цена за достъп) | 0.00 |
| Права за достъп | disable |
| 999 ## - СИСТЕМНИ КОНТРОЛНИ НОМЕРА | |
| Koha biblionumber | 75489 |
| Koha biblioitemnumber | 75489 |
| 942 ## - АРТИКУЛИ | |
| Вид на библиотечния материал | Книги |
| Скрит в OPAC | Не |
| Koha issues (borrowed), all copies | 23 |
| Периодичен библиозапис | Да |
| 944 ## - СЪЗДАВАНЕ И РЕДАКЦИЯ на ЗАПИСА | |
| Създаване/Редакция | Създаване |
| Дата на регистрацията/редакция | 04.12.2007 |
| Статус, дата на статуса | Русанова Ирена |
| Служител, извършил регистрацията/редакцията | 30542 |
| 944 ## - СЪЗДАВАНЕ И РЕДАКЦИЯ на ЗАПИСА | |
| Създаване/Редакция | Редакция |
| Дата на регистрацията/редакция | 22.03.2012 |
| Статус, дата на статуса | ф / |
| 999 ## - СИСТЕМНИ КОНТРОЛНИ НОМЕРА | |
| Koha biblioitemnumber | 75489 |
| Код за отписване | Код за изгубен артикул | Код за повреда | Коз за рестрикции | Код за отдаване | Артикулен № | Име на библиотеката - собственик | Име на библиотеката, в която се намира в момента | Статус (Текущо местоположение) | Дата на вписване в системата | Местоположение - отдел | Цена в лева | Инвентарен номер | Систематично азбучна сигнатура | Баркод | Номер на екземпляра | Цена в евро | Служебна бележка | Служебен тип на артикула | Източник на класификационната схема |
|---|---|---|---|---|---|---|---|---|---|---|---|---|---|---|---|---|---|---|---|
| Изтеглен | Не е изгубен | Не е повреден | без рестрикции | заемане за дома | 122531 | Регионална библиотека "Любен Каравелов" Русе | Регионална библиотека "Любен Каравелов" Русе | Детски отдел | 2007-11-30 | Детски отдел | 1.99 | 120000720749 | ДХ 820/899/Р 58 | 120000720749 | 1 | 1.02 | Дост: Pk Вид: Ф N: 11787 Дата: 27.11.2007 Дата инв: 17.08.2015 Бележки инв: Д2015 | Книги | |
| Не е изгубен | Не е повреден | без рестрикции | заемане за дома | 122532 | Регионална библиотека "Любен Каравелов" Русе | Регионална библиотека "Любен Каравелов" Русе | Детски отдел | 2007-11-30 | Детски отдел | 1.99 | 120000720750 | ДХ 820/899/Р 58 | 120000720750 | 2 | 1.02 | Дост: Pk Вид: Ф N: 11787 Дата: 27.11.2007 Дата инв: 17.08.2015 Бележки инв: Д2015 | Книги | ||
| Изтеглен | Не е изгубен | Не е повреден | без рестрикции | заемане за дома | 122533 | Регионална библиотека "Любен Каравелов" Русе | Регионална библиотека "Любен Каравелов" Русе | Детски отдел | 2007-11-30 | Детски отдел | 1.99 | 120000720751 | ДХ 820/899/Р 58 | 120000720751 | 3 | 1.02 | Дост: Pk Вид: Ф N: 11787 Дата: 27.11.2007 Дата инв: 03.09.2015 Бележки инв: Д2015 | Книги | Universal Decimal Classification |
| Изтеглен | Не е изгубен | Не е повреден | без рестрикции | заемане за дома | 122534 | Регионална библиотека "Любен Каравелов" Русе | Регионална библиотека "Любен Каравелов" Русе | Детски отдел | 2007-11-30 | Детски отдел | 1.99 | 120000720752 | ДХ 820/899/Р 58 | 120000720752 | 4 | 1.02 | Дост: Pk Вид: Ф N: 11787 Дата: 27.11.2007 Дата инв: 17.08.2015 Бележки инв: Д2015 | Книги | Universal Decimal Classification |
| Не е изгубен | Не е повреден | без рестрикции | ползва се в читалня | 122535 | Регионална библиотека "Любен Каравелов" Русе | Регионална библиотека "Любен Каравелов" Русе | Хранилище | 2008-04-21 | Хранилище | 1.99 | 120000725739 | Цб 237379 | 120000725739 | 5 | 1.02 | Дост: Dp Вид: Д N: 12 Дата: 20.02.2008 | Книги | ||
| Не е изгубен | Не е повреден | без рестрикции | заемане за дома | 122536 | Регионална библиотека "Любен Каравелов" Русе | Регионална библиотека "Любен Каравелов" Русе | Детски отдел | 2012-03-02 | Детски отдел | 1.99 | 120000756377 | ДХ 820/899/Р 58 | 120000756377 | 6 | 1.02 | Дост: DA Вид: А N: 3 Дата: 01.03.2012 Дата инв: 17.08.2015 Бележки инв: Д2015 | Книги | Universal Decimal Classification |